Unas jornadas de historia sobre el Cantón murciano entre la reflexión y el debate / (Record no. 168975)

MARC details
000 -LEADER
campo de control de longitud fija 00839nam a22001935i 4500
001 - NÚMERO DE CONTROL
campo de control 168975
003 - IDENTIFICADOR DE NÚMERO DE CONTROL
campo de control ES-MaACL
005 - FECHA Y HORA DE LA ÚLTIMA TRANSACCIÓN
campo de control 20250809063534.0
008 - DATOS DE LONGITUD FIJA--INFORMACIÓN GENERAL
campo de control de longitud fija 080710s1994 sp |||| | spa d
080 ## - NÚMERO DE LA CLASIFICACIÓN DECIMAL UNIVERSAL
Número de la Clasificación Decimal Universal 946.033"1873/1874"
100 1# - ENTRADA PRINCIPAL--NOMBRE DE PERSONA
Nombre de persona Vilar, Juan Bautista,
Fechas asociadas al nombre 1941-2018
9 (RLIN) 114797
245 14 - MENCIÓN DEL TÍTULO
Título Unas jornadas de historia sobre el Cantón murciano entre la reflexión y el debate /
Mención de responsabilidad, etc. Juan Bta. Vilar.
260 ## - PUBLICACIÓN, DISTRIBUCIÓN, ETC.
Lugar de publicación, distribución, etc. Murcia :
Nombre del editor, distribuidor, etc. Universidad de Murcia, Cátedra de Historia Contemporánea,
Fecha de publicación, distribución, etc. [1994]
300 ## - DESCRIPCIÓN FÍSICA
Extensión p. [11]-16 ;
Dimensiones 24 cm.
595 ## -
-- Separata de: Actas de las Jornadas sobre el Sexenio Revolucionario y el Cantón murciano, 26-28 de abril de 1993.
651 #4 - PUNTO DE ACCESO ADICIONAL DE MATERIA--NOMBRE GEOGRÁFICO
Nombre geográfico Murcia (Comunidad Autónoma)-
Subdivisión general Historia-
Subdivisión cronológica S.XIX.
9 (RLIN) 138092
852 ## - LOCALIZACIÓN
Ubicación ES-MaACL
Número de control de estantería 2232-F-16
itemnumber R.143802
Nota libre .- Ded. ms. del autor
Holdings
Estatus retirado Estado de pérdida Estado de daño No para préstamo Colección Biblioteca de origen Biblioteca actual Ubicación en estantería Fecha de adquisición Fuente de adquisición Total de préstamos Signatura topográfica completa Código de barras Visto por última vez Precio de reemplazo Tipo de ítem Koha
        Colección de folletos Biblioteca del Ateneo de Madrid Biblioteca del Ateneo de Madrid Depósito folletos 10/07/2008     2232-F-16 1177346 23/02/2023 23/02/2023 Folleto